000 00671nam a2200217Ii 4500
001 20282
003 CO-ViMGA
008 241108s9999||||xx |||||||||||||| ||und||
020 _a9583320102
040 _aCO-ViMGA
_bspa
_erda
_cCO-ViMGA
041 0 _aspa
082 0 4 _a986.1 A71q
100 1 _aJorge E. Arboleda
_948748
245 1 0 _aQue no se roben las campanas (Del pueblo de la muerte y el olvido)
264 1 _aBogotá, Colombia : Aldía municipal de Pore Casanare, 2000
300 _avolumen
336 _atext
_btxt
_2rdacontent
337 _aunmediated
_bn
_2rdamedia
338 _avolume
_bnc
_2rdacarrier
940 _aidficha_siabuc: 19937. -- ficha_no_siabuc:20282
999 _c43390
_d43390